| 000 | 003150000a22000970004500 | ||
|---|---|---|---|
| 100 | 1 | _aNicol, George G. | |
| 245 | 1 | 0 | _aThe alleged rape of Bathsheba : Some observations on ambiguity in biblical narrative |
| 300 | _aNúm 73 (1997), Páginas 43-54 | ||
| 773 | 0 | _tJournal for the Study of the Old Testament | |
| 942 | _cANA | ||
| 999 |
_c54861 _d54861 |
||